Diseño de una unidad de senalización universal

Сохранить в:
Библиографические подробности
Главный автор: Zúñiga Fernández, Carlos Manuel
Формат:
Опубликовано: [San José , Costa Rica] 1993
Предметы:
Метки: Добавить метку
Нет меток, Требуется 1-ая метка записи!

MARC

LEADER 00000nam a2200000Ia 4500
003 006085
005 20221231144315.0
008 140114s1993 cr a m 000 ||s d
040 |c cru CEDI 
090 |a TFG 2762 
100 |a Zúñiga Fernández, Carlos Manuel  |9 12010 
245 |a Diseño de una unidad de senalización universal 
260 |c 1993  |a  [San José , Costa Rica] 
300 |a  xi, 45 hojas : ilustraciones.  
500 |a  Proyecto de graduación (bachillerato en ingeniería eléctrica)--Universidad de Costa Rica. Facultad de Ingeniería. Escuela de Ingeniería Eléctrica 
650 |x LINEAS TELEFONICAS   |x RADIOTRANSMISORES   |x SISTEMAS DE TELECOMUNICACION - APARATOS E INSTRUMENTOS  |9 12013 
942 |c TFG  |2 ddc 
999 |c 19901  |d 19901